Paroles L2B-Pélican - Statistiques

Statistiques générales
  • Ce quiz a été pris 442 fois
  • Le résultat moyen est 171 sur 333
Statistiques - réponses
Réponse % Correct
le
93%
Le
93%
pélican
90%
un
89%
en
86%
qu'à
86%
ça
83%
comme
82%
envol
81%
mon
80%
camp
79%
jusqu'à
77%
p'tit
77%
quand
76%
Quitter
76%
Traîner
73%
Chercher
72%
chercher
72%
zoner
72%
les
71%
J'prends
70%
j'suis
70%
J'suis
70%
me
69%
j'fous
65%
ma
65%
dans
64%
Dans
64%
jours
62%
si
62%
Si
62%
chatte
61%
dis-moi
61%
faut
61%
Faut
61%
Ou
60%
tout
60%
ah
59%
pour
59%
Pour
59%
une
59%
la
58%
La
58%
58%
là-là
58%
mais
57%
Mais
57%
plus
57%
tous
57%
fontaine
56%
On
56%
on
56%
il
54%
l'camp
54%
bateau
53%
No
53%
no
53%
J'sais
52%
libre
52%
pas
52%
même
51%
roue
51%
d'eau
48%
bon
47%
château
45%
Et
45%
papa
43%
tu
43%
sur
42%
l'papier
41%
des
39%
sous
39%
honnêtement
37%
va
35%
bougie
33%
est
33%
donner
32%
ennuis
31%
Ce
30%
nocif
29%
Samira
29%
all
28%
éteint
28%
eyes
28%
produit
28%
J'ai
27%
c'est
26%
Émirats
26%
gagner
26%
gigotes
26%
Loin
26%
loin
26%
mes
26%
stone
26%
Hennessy
25%
J'peux
25%
nobody
25%
trop
25%
T'sais
25%
discret
24%
fait
24%
Rolling
24%
Benzo
23%
renverser
23%
J'compte
22%
Rollie
22%
soucis
22%
temps
22%
X.O
22%
avec
21%
Seul
20%
survêtements
20%
t'auras
20%
toucher
20%
carré
19%
noir
19%
oin-c
19%
veut
19%
J'encaisse
18%
Belve'
17%
fly
17%
J'dois
17%
j'dois
17%
tousser
17%
guérilla
16%
j'dors
16%
qu'on
16%
dispo
15%
éponger
15%
faire
15%
fils
14%
Stones
14%
d'mes
13%
Sativa
13%
trafic
13%
enlevés
12%
m'guérira
12%
soir
12%
j'descends
11%
Paris
11%
p't-être
11%
respect
10%
Cartier
9%
donc
9%
l'corner
9%
m'écarter
9%
vite
8%
faux-culs
7%
J'attends
6%
shawty
6%
bae
5%
J'marche
5%
tcheumi
5%
fort
4%
han
4%
Noël
4%
paré
4%
J'frappe
3%
J'job
2%
Aucun quiz correspondant
Distribution des résultats
% des personnes avec chaque résultat
Percentile par nombre de réponses
Votre historique - résultats
Vous n’avez pas pris ce quiz